| 000 | 00360nam a2200145Ia 4500 | ||
|---|---|---|---|
| 008 | 210210b2000 xxu||||| |||| 00| 0 eng d | ||
| 082 | _a651.75H MAHB | ||
| 100 | _aMAHADEVAN. | ||
| 245 | _aBanking oriented hindi. | ||
| 260 |
_aDelli. _bSultan Chand & Sons _c2000 |
||
| 300 | _a139 | ||
| 650 | _aBanking Hindi | ||
| 690 | _aCorrespondence | ||
| 906 | _a036914 | ||
| 999 |
_c87420 _d87420 |
||